| 000 | 00512nam a2200193 a 4500 | ||
|---|---|---|---|
| 005 | 20240529063625.0 | ||
| 008 | 991125s1962 mx 000 0 spa u | ||
| 035 | _aUPN01000016476 | ||
| 049 | _aCG | ||
| 050 | 4 |
_aM1497 _bS2.3 |
|
| 100 | 1 | _aSandi, Luis | |
| 245 | 1 | 0 |
_aDo-re-mi : _blecturas musicales / _cLuis Sandi. |
| 250 | _a4a ed. | ||
| 260 |
_aMéxico : _bAriel, _c1962. |
||
| 650 | 4 |
_aCANCIONEROS _95567 |
|
| 650 | 4 |
_aPARTITURAS - _xLECTURA Y EJECUCION _912845 |
|
| 650 | 4 |
_aSolfeo _923613 |
|
| 905 | _aLibro | ||
| 999 |
_c16476 _d16476 |
||